| 000 | 01395cam a2200241 i 4500 | ||
|---|---|---|---|
| 003 | OSt | ||
| 005 | 20250528125854.0 | ||
| 008 | 161025s2017 ii a b 001 0 eng | ||
| 020 | _a9789356962897 | ||
| 040 | _caa | ||
| 082 | 0 | 0 | _a612 |
| 100 | 1 | _aPal, G. K,, | |
| 245 | 1 | 0 |
_aComprehensive textbook of medical physiology / _cauthor, Gopal Krushna Pal, MBBS, BNYT, MD, PhD, MD (AM), MABMS, FABMS, FABAP, FSAB, Professor of Physiology, Faculty In-Charge, Advance Center for Yoga and Registrar (Academic) Jawaharlal Institute of Postgraduate Medical Education and Research (JIPMER), Puducherry, India ; co-authors, Pravati Pal, MBBS, MD, MABMS, Professor, Department of Physiology, Jawaharlal Institute of Postgraduate, Medical Education and Research (JIPMER), Puducherry, India, Nivedita, Nanda, MSc, PhD (Medical Biochemistry), Assistant Professor, Department of Biochemistry, Jawaharlal Institute of Postgraduate, Medical Education and Research (JIPMER), Puducherry, India. |
| 246 | 3 | 0 | _aMedical physiology |
| 250 | _a3rd | ||
| 260 |
_aNew delhi _bJaypee Brothers Medical Publishers _c2023 |
||
| 504 | _aIncludes bibliographical references and index. | ||
| 650 |
_vPhysiotherapy _xPhysiology |
||
| 906 |
_a7 _bcbc _corignew _d2 _encip _f20 _gy-gencatlg |
||
| 942 |
_cBK _2ddc |
||
| 999 |
_c248884 _d248884 |
||